| 000 | 00647cam a2200229 a 4500 | ||
|---|---|---|---|
| 001 | TB12294 | ||
| 003 | IN-BhIIT | ||
| 005 | 20260105180212.0 | ||
| 008 | 101214s2012 njua b 001 0 eng | ||
| 020 | _a9789353061074 (pbk.) | ||
| 040 | _aIN-BhIIT | ||
| 041 | _aeng | ||
| 082 | 0 | 0 |
_a330.01515 _bGRE/E |
| 100 | 1 |
_aGreene, William H., _eAuthor _915722 |
|
| 245 | 1 | 0 |
_aEconometric analysis / _cby William H. Greene. |
| 250 | _a8th ed. | ||
| 260 |
_aBoston : _bPrentice Hall, _c2018. |
||
| 300 |
_axxxix, 1188 p. : _bill. ; _c24 cm. |
||
| 504 | _aIncludes bibliographical references and index. | ||
| 650 | 0 |
_aEconometrics. _9447 |
|
| 942 |
_cTB _02 |
||
| 999 |
_c14790 _d14790 |
||